Normal view
MARC view
Entry Personal Name
001 - CONTROL NUMBER
- control field: 89003
003 - CONTROL NUMBER IDENTIFIER
- control field: dpl
005 - DATE AND TIME OF LATEST TRANSACTION
- control field: 20260428145159.0
008 - FIXED-LENGTH DATA ELEMENTS
- fixed length control field: 260428|| aca||aabn | a|a d
040 ## - CATALOGING SOURCE
- Original cataloging agency: dpl
- Transcribing agency: dpl
100 ## - HEADING--PERSONAL NAME
- Personal name: Darashaw J Vakil
670 ## - SOURCE DATA FOUND
- Source citation: Work cat.: (dpl)216025: Darashaw J Vakil, Commentaries on the Transfer of Property Act/, 2026
